000 00533cam a2200205 4500
001 D2025
008 090401t1982 xxu||||| |||| 00| 0 eng d
035 _a(Sirsi) u67131
041 _aeng
050 _a338.4769
100 _aBurch, T.
245 _aAbsenteeism in the building industry
260 _aAscot, Berks
_bChartered Institute of Building
_c1982
300 _a6p. 30cm
350 _a0
490 _aTechnical Information Service
_pManagement
_v4
700 _aHarlow, Peter (ed)
942 _n0
948 _c04/03/1997
999 _c94971
_d94971